000 00399nam a22001577a 4500
999 _c256824
_d256823
003 OSt
005 20230613151435.0
008 180628b xxu||||| |||| 00| 0 eng d
020 _a9780060891541
040 _cN/A
100 _aWilliam Zinsser
245 _aThe Classic Guide to Writing Nonfiction
250 _a30th anniversary edition
260 _aUSA
_bHarperCollins
_c2006
942 _2lcc
_cBK